Wessex comprehensive building price book 2005 (Record no. 104009)

MARC details
000 -LEADER
fixed length control field 01166cam a2200253 4500
001 - CONTROL NUMBER
control field J128764
008 - FIXED-LENGTH DATA ELEMENTS--GENERAL INFORMATION
fixed length control field 031017s2004 xxk f s 000 0 eng d
020 ## - INTERNATIONAL STANDARD BOOK NUMBER
International Standard Book Number 0946805997
035 ## - SYSTEM CONTROL NUMBER
System control number (Sirsi) u128764
041 0# - LANGUAGE CODE
Language code of text/sound track or separate title eng
050 04 - LIBRARY OF CONGRESS CALL NUMBER
Classification number 692.5
-- 18
245 00 - TITLE STATEMENT
Title Wessex comprehensive building price book 2005
Remainder of title 2005 Wessex major works estimating price book
250 ## - EDITION STATEMENT
Edition statement 22nd ed.
260 ## - PUBLICATION, DISTRIBUTION, ETC.
Place of publication, distribution, etc. Poole
Name of publisher, distributor, etc. Wessex
Date of publication, distribution, etc. 2004
300 ## - PHYSICAL DESCRIPTION
Extent Ca. 1000p.
Dimensions 30cm.
350 ## - PRICE (NR) (BK AM CF MU VM SE) [OBSOLETE]
Price 95
520 ## - SUMMARY, ETC.
Summary, etc. This latest edition provides building contractors and consultants with a comprehensive guide to the current (net cost) unit prices for major building work. Prices are based upon a building of two or three storeys of the administrative or recreational type, such as offices, libraries, community centres and sports halls, architect designed and supervised with a tender price in the range of £750 000 to £1 5000 000, providing reasonable quantities of work in all trades.
520 ## - SUMMARY, ETC.
Summary, etc. Superseeded by 23rd edition (ISBN 095473694X).
651 #4 - SUBJECT ADDED ENTRY--GEOGRAPHIC NAME
Geographic name United Kingdom
Chronological subdivision
690 ## - LOCAL SUBJECT ADDED ENTRY--TOPICAL TERM (OCLC, RLIN)
Topical term or geographic name as entry element BUILT ENVIRONMENT-BUILDING COSTS
700 1# - ADDED ENTRY--PERSONAL NAME
Personal name Barnett, N. P.
Relator term Editor
942 ## - ADDED ENTRY ELEMENTS (KOHA)
Suppress in OPAC 0
Holdings
Withdrawn status Lost status Source of classification or shelving scheme Damaged status Not for loan Home library Current library Shelving location Date acquired Total Checkouts Full call number Barcode Date last seen Date last checked out Copy number Price effective from Koha item type
    Dewey Decimal Classification     London London Basement 14/02/2005 5 SHELF 113 30062758 06/08/2019 23/01/2006 1 06/08/2019 Book